Tilastot visalle Eläimiin liittyviä sanontoja #2

Klikkaa tästä pelataksesi tätä visaa!

Yleistilastot

  • Tätä visaa on pelattu 699 kertaa
  • Keskiarvotulos 16 / 20

Vastaustilastot

Sanonta% Oikein
Suvun musta {lammas}
97%
Veikö {kissa} kielen?
96%
Iho on {kanan}lihalla
94%
Vanha {koira} ei opi uusi temppuja
93%
Viekas kuin {kettu}
93%
Köyhä kuin kirkon{rotta}
89%
Seurata kuin {hai} laivaa
89%
Uida kuin {kala} vedessä
88%
Pirteä kuin {peipponen}
79%
Tehdä {karhun}palvelus
79%
Vain {hyttysen} ininää
79%
Parempi {pyy} pivossa kuin kymmenen oksalla
77%
Viedä kuin {pässiä} narussa
77%
Kyllä routa {porsaan} kotiin ajaa
75%
Ei {pöllö}mpi ajatus
74%
Olla kuin {sillit} suolassa
69%
Ei tee pahaa {kärpäselle}kään
62%
Ei ole lahja{hevosen} suuhun katsomista
59%
{Susi} jo syntyessään
58%
Olla {perhosia} vatsassa
57%

Tulosjakauma

Persentiili vastausten määrän mukaan

Jokaisen tuloksen saaneiden osuus

Tuloshistoriasi

Et ole pelannut tätä visaa